| 000 | 01277nam a22003617a 4500 | ||
|---|---|---|---|
| 003 | TZ-ArACH | ||
| 005 | 20260304092634.0 | ||
| 008 | 070205s2007 nyub 000 1 eng | ||
| 010 | _a 2007005162 | ||
| 020 | _a9780312318420 | ||
| 020 | _a9781447201618 | ||
| 035 | _a14724001 | ||
| 035 | _a(OCoLC)82368017 | ||
| 040 |
_aDLC _cTZ-ArACH _dBAKER _dBTCTA _dWIQ _dC#P _dYDXCP _dDLC |
||
| 043 | _af-ua--- | ||
| 050 | 0 | 0 |
_aPR9405.9.S5 _bQ47 2011 |
| 100 | 1 | _aSmith, Wilbur A. | |
| 245 | 1 | 4 |
_aThe quest _cWilbur Smith |
| 260 |
_aLondon: _bPan Books, _c2011. |
||
| 300 |
_a629 p. : _c18 cm |
||
| 650 | 0 |
_aWarlocks _vFiction. |
|
| 650 | 0 | _aParanormal fiction. | |
| 651 | 0 |
_aEgypt _xHistory _yTo 332 B.C. _vFiction. |
|
| 655 | 7 |
_aAdventure fiction. _2gsafd |
|
| 655 | 7 |
_aHistorical fiction. _2gsafd |
|
| 655 | 7 |
_aFiction. _2lcgft |
|
| 856 | 4 | 2 |
_3Contributor biographical information _uhttp://www.loc.gov/catdir/enhancements/fy0708/2007005162-b.html |
| 856 | 4 | 2 |
_3Publisher description _uhttp://www.loc.gov/catdir/enhancements/fy0708/2007005162-d.html |
| 906 |
_a7 _bcbc _corignew _d1 _eecip _f20 _gy-gencatlg |
||
| 942 |
_2lcc _cBOOK |
||
| 999 |
_c7820 _d7820 |
||